000 00947nac a22002897a 4500
001 BR4400064
003 BR-BrBNA
005 20240105112833.0
008 230509b bl.|||m| |||| 00| 0 por d
040 _aBR-BrBNA
_bpor
_cBiblioteca Nacional de Agricultura
072 _aF00; F70
090 _a3322 BR4400064
100 1 _aFigueiredo, E.R. de
245 1 _aFloricultura brasileira. Crisanthemos e margaridas [Crhysantemum morifolium; Producao vegetal; Taxonomia vegetal]
_bSetima parte
250 1 _a2. ed.
260 3 _aSao Paulo, SP (Brasil):
_bCharacaras e Quintaes,
_c[nd].
300 _a32 p.
490 _aBiblioteca Agricola Popular Brasileira (Brazil)
_v
_x
500 _a17 illus.; Published 1944?
650 _aProducao vegetal
650 _aTaxonomia vegetal
650 _aCrisantemo
650 _aMargarida
650 _aPlanta ornamental
909 _a202312
_bLúcia Elande
_c55
_dLúcia Elande
942 _2AGRIS
_n0
_cMS
999 _c260535
_d260535